| 000 | 00586nam a2200217Ia 4500 | ||
|---|---|---|---|
| 003 | AR-RoIUNI | ||
| 005 | 20190108151934.0 | ||
| 008 | 150616s9999 xx 000 0 und d | ||
| 020 | _a9879322339 | ||
| 040 | _cIUNIR | ||
| 040 |
_dOCLC _cIUNIR |
||
| 080 | _a001 PRU | ||
| 245 | 1 |
_aPrueba nacional de pesquisa _bPRUNAPE : manual técnico _c Lejarraga, Horacio...[et.al.] |
|
| 250 | _a2a. ed. | ||
| 260 | _aBuenos Aires | ||
| 260 | _bFundación hospital Garrahan | ||
| 260 | _c2013 | ||
| 300 |
_a183 p. _c23 cm. |
||
| 650 | 1 | 0 |
_9484 _aInvestigación Científica |
| 942 |
_cBK _2cdu |
||
| 999 |
_c1862 _d1862 |
||